000 01072nam a2200289 i 4500
001 105049
003 ES-MaACL
005 20231005133741.0
007 t|
008 060607s1967 sp ||||1| spa d
080 _a75 Pere Pagès (083.82)
100 1 _aPagès, Pere.
_988283
245 1 0 _aPere Pagès
_b: [exposición, Sala del Prado del Ateneo de Madrid, febrero de 1967] /
_c[texto: Angel Marsá].
260 _a[Madrid] :
_bPublicaciones Españolas,
_c[1967]
300 _a[16] p. :
_bil. ;
_c23 cm.
490 1 _aCuadernos de arte. Serie divulgación ;
_v69
600 1 4 _aPagès, Pere-
_vExposiciones.
_988284
610 2 7 _aAteneo de Madrid-
_vExposiciones-
_y1960-1969.
_91920
655 7 _2tgfbne
_9193628
_aCatálogos de exposiciones
700 0 _aMarsá, Ángel.
_977095
710 2 _aAteneo de Madrid.
_bSala del Prado.
_91965
830 0 _aCuadernos de arte. Serie divulgación ;
_v69
_9184876
852 _aES-MaACL
_j2204-F-37
_9108985
_bR.137548
_cDEPOF
852 _aES-MaACL
_jF-10824(18).
942 _2udc
_cFOLLETOS
999 _c105049
_d105049